000 00325nam a2200145Ia 4500
100 _aNovakovsky/ S.V.
650 _aElectrical Engineering
942 _cBK
654 _acolour T.V.
245 _aColour Television
260 _bMir Publishers
_aMoscow
_c1979
082 _a621.38804
300 _a399
546 _aENGLISH
999 _c25951
_d25951